[Event "FIDE Womens Grand Swiss 2021"]
[Site "Riga"]
[Date "2021.10.29"]
[Round "3.11"]
[White "Danielian, Elina"]
[Black "Garifullina, Leya"]
[Result "1/2-1/2"]
[WhiteElo "2450"]
[BlackElo "2409"]
[Annotator "TA"]
[PlyCount "46"]
[EventDate "2021.10.27"]
[EventType "swiss"]
[EventCountry "LAT"]
[Tiebreak "Cut1 Buchholz+Sonneborn-Berger (Swiss)"]
[SourceTitle "playchess.com"]
[Source "ChessBase"]
[SourceQuality "1"]

{[%evp 15,46,10,14,14,12,8,45,0,0,0,0,26,12,0,0,0,0,-16,0,0,7,-63,0,0,11,-48,0,
0,0,-53,0,0,8]} 1. d4 Nf6 2. c4 e6 3. Nc3 Bb4 4. Qc2 O-O 5. a3 Bxc3+ 6. Qxc3 d5
7. Nf3 dxc4 8. Qxc4 b6 9. Bg5 {E36: Nimzo-Indian: Classical: 4...d5 5 a3.} Bb7
10. Rd1 $1 {[%mdl 4] is recently more successful than 10.Rc1.} Bd5 {[#]} 11.
Qd3 $146 {White is slightly better.} ({Predecessor:} 11. Qc2 c5 12. dxc5 Nbd7
13. e4 Bxe4 14. Bd3 Bxd3 15. Rxd3 Qc7 16. Bxf6 Nxf6 17. Rc3 {1/2-1/2 (29) Al
Sayed,M (2507)-Navara,D (2710) Caleta 2013}) 11... c5 12. Ne5 h6 13. Bh4 cxd4
14. Qxd4 Nc6 15. Nxc6 Bxc6 16. Qc3 Bd5 17. Qe5 {Threatens to win with e4!} Nd7
{[#]} 18. Qd4 (18. Qxd5 $1 $11 exd5 19. Bxd8 Rfxd8 20. e3) 18... Nf6 (18... Qc7
$15) 19. Qe5 {Black must now prevent e4!} Nd7 {[#]} 20. Qd4 (20. Qxd5 $1 $11
exd5 21. Bxd8 Rfxd8 22. e3) 20... Nf6 21. Qe5 {And now e4! would win.} Nd7 22.
Qd4 ({White should play} 22. Qxd5 $11 exd5 23. Bxd8 Rfxd8 24. e3) 22... Nf6 (
22... Qc7 $1 $15) 23. Qe5 {Strongly threatening e4!} Nd7 {A rather calm draw. 
Weighted Error Value: White=0.19/Black=0.15} 1/2-1/2

[Event "FIDE Womens Grand Swiss 2021"]
[Site "Riga"]
[Date "2021.10.29"]
[Round "3.12"]
[White "Sargsyan, Anna M."]
[Black "Arabidze, Meri"]
[Result "1-0"]
[WhiteElo "2402"]
[BlackElo "2441"]
[Annotator "TA"]
[PlyCount "73"]
[EventDate "2021.10.27"]
[EventType "swiss"]
[EventCountry "LAT"]
[Tiebreak "Cut1 Buchholz+Sonneborn-Berger (Swiss)"]
[SourceTitle "playchess.com"]
[Source "ChessBase"]
[SourceQuality "1"]

{[%evp 11,73,13,12,0,8,0,22,22,17,21,27,4,31,35,43,35,61,43,66,66,70,54,68,89,
103,87,91,105,147,104,109,79,211,204,211,210,191,194,231,223,224,225,229,192,
652,653,805,769,643,362,642,363,339,226,29986,29987,29987,29988,6399,4745,3398,
3488,2521,2063]} 1. e4 e5 2. Nf3 Nc6 3. Bc4 Bc5 4. d3 Nf6 5. c3 O-O 6. Nbd2 d6
7. h3 {C54: Giuoco Piano: 4 c3 Nf6, main lines with 5 d4 and 5 d3.} a5 8. Nf1
Ne7 {[#]} 9. Ng3 $146 {The position is equal.} ({Predecessor:} 9. Be3 Ng6 10.
h4 Bg4 11. N1h2 Bxe3 12. fxe3 Nxh4 13. Nxg4 Nxg2+ 14. Kf2 Nxg4+ 15. Kg3 N2xe3
16. Qb3 Qf6 17. Raf1 Qf4+ 18. Kh3 Nxf1 19. Rxf1 Ne3 20. Rf2 g5 {0-1 (20)
Richter,N (2307)-Vasli,A (2371) Chess.com INT 2020}) 9... Ng6 10. O-O c6 11.
Bb3 Ba7 12. d4 h6 13. Be3 Qc7 14. Qd2 Kh7 15. Bc2 Re8 16. Rfe1 b5 17. a4 Rb8
18. axb5 cxb5 19. Nf5 Ng8 20. h4 Bb6 21. Rad1 Be6 {Loses the game.} (21... Nf8
$16 {might work better.}) 22. h5 $18 Nf8 23. dxe5 dxe5 {[#]} 24. Nd6 {[%cal
Rd6e8]} Red8 {Black wants to play ...f6.} 25. Nxe5 Ne7 26. Nf3 Kg8 27. e5 {
Bxh6! is the strong threat.} Bg4 $2 (27... Bxe3 28. Rxe3 (28. Qxe3 Nc8 $18)
28... Bg4) 28. Bxh6 Ne6 {[#]} 29. Bxg7 $1 {[%mdl 576] Clearance} Kxg7 (29...
Nxg7 30. Qh6) 30. h6+ ({Worse is} 30. Qd3 Rh8 $11) 30... Kf8 $2 (30... Kg8 31.
h7+ Kg7) 31. h7 Kg7 32. Ng5 $40 {[%mdl 128] White attacks with force.} Qc5 $2 (
32... Ng6 $18) 33. Nxe6+ Bxe6 34. Qg5+ {[%mdl 64] Double Attack} Ng6 35. Qf6+ {
White is clearly winning.} Kxh7 36. Bxg6+ fxg6 37. Rd4 {Weighted Error Value:
White=0.33/Black=0.71} 1-0

[Event "FIDE Womens Grand Swiss 2021"]
[Site "Riga"]
[Date "2021.10.29"]
[Round "3.13"]
[White "Assaubayeva, Bibisara"]
[Black "Munguntuul, Batkhuyag"]
[Result "1-0"]
[WhiteElo "2400"]
[BlackElo "2433"]
[Annotator "NA"]
[PlyCount "87"]
[EventDate "2021.10.27"]
[EventType "swiss"]
[EventCountry "LAT"]
[Tiebreak "Cut1 Buchholz+Sonneborn-Berger (Swiss)"]
[SourceTitle "playchess.com"]
[Source "ChessBase"]
[SourceQuality "1"]
[TimeControl "40/6000+30:20/3000+30:900+30"]

1. d4 {[%emt 0:10:12]} d5 {[%emt 0:10:07]} 2. c4 {[%emt 0:00:04]} c6 {[%emt 0:
00:11]} 3. Nf3 {[%emt 0:00:06]} Nf6 {[%emt 0:00:04]} 4. e3 {[%emt 0:00:15]} Bf5
{[%emt 0:00:07]} 5. Nc3 {[%emt 0:00:07]} e6 {[%emt 0:00:04]} 6. Nh4 {[%emt 0:
00:07]} Be4 {[%emt 0:00:03]} 7. f3 {[%emt 0:00:08]} Bg6 {[%emt 0:00:02]} 8. Qb3
{[%emt 0:00:09]} Qc7 {[%emt 0:00:04]} 9. Bd2 {[%emt 0:00:09]} Be7 {[%emt 0:00:
08]} 10. Nxg6 {[%emt 0:00:05]} hxg6 {[%emt 0:00:10]} 11. O-O-O {[%emt 0:01:42]}
dxc4 {[%emt 0:04:27]} 12. Bxc4 {[%emt 0:01:13]} b5 {[%emt 0:00:13]} 13. Be2 {
[%emt 0:00:10]} a6 {[%emt 0:00:17]} 14. Ne4 {[%emt 0:00:11]} Nbd7 {[%emt 0:15:
53]} 15. Kb1 {[%emt 0:02:32]} c5 {[%emt 0:08:10]} 16. Nxc5 {[%emt 0:00:13]}
Nxc5 {[%emt 0:00:20]} 17. dxc5 {[%emt 0:00:02]} Qxc5 {[%emt 0:05:30]} 18. h4 {
[%emt 0:08:39]} O-O {[%emt 0:03:49]} 19. g4 {[%emt 0:04:03]} Rfd8 {[%emt 0:06:
26]} 20. e4 {[%emt 0:06:12]} Qf2 {[%emt 0:14:37]} 21. Qe3 {[%emt 0:04:21]} Bc5
{[%emt 0:00:20]} 22. Qxf2 {[%emt 0:00:46]} Bxf2 {[%emt 0:00:04]} 23. h5 {
[%emt 0:05:05]} gxh5 $14 {[%emt 0:04:43]} 24. g5 {[%emt 0:13:36]} Nd7 {[%emt 0:
07:47]} 25. Rxh5 {[%emt 0:01:38]} e5 {[%emt 0:04:17]} 26. Bc3 {[%emt 0:08:16]}
Be3 {[%emt 0:06:51]} 27. Rd3 {[%emt 0:04:14]} Bc5 {[%emt 0:05:08]} 28. f4 {
[%emt 0:12:22]} b4 {[%emt 0:03:55]} 29. Bd2 {[%emt 0:03:19]} g6 {[%emt 0:03:51]
} 30. Rhh3 {[%emt 0:01:27]} a5 {[%emt 0:03:40]} 31. f5 {[%emt 0:05:11]} Nb6 {
[%emt 0:00:23]} 32. a3 {[%emt 0:09:50]} Rxd3 {[%emt 0:02:58]} 33. Rxd3 {
[%emt 0:00:06]} Rb8 {[%emt 0:01:32]} 34. axb4 {[%emt 0:00:35]} axb4 {[%emt 0:
00:14]} 35. f6 {[%emt 0:02:09]} Bd4 {[%emt 0:00:44]} 36. Rh3 {[%emt 0:04:13]}
Na4 {[%emt 0:00:42]} 37. Bc1 {[%emt 0:01:06]} Nc5 {[%emt 0:00:10]} 38. Bc4 {
[%emt 0:00:21]} Nxe4 {[%emt 0:00:27]} 39. Rh6 {[%emt 0:00:12]} Nd6 {[%emt 0:00:
47]} 40. Rxg6+ {[%emt 0:00:20]} Kf8 {[%emt 0:00:04]} 41. Rh6 {[%emt 0:50:07]}
Ke8 {[%emt 0:29:32]} 42. Rh8+ {[%emt 0:00:00]} Kd7 {[%emt 0:00:20]} 43. Rxb8 {
[%emt 0:00:00]} Nxc4 {[%emt 0:00:02]} 44. g6 {[%emt 0:00:00]} 1-0

[Event "FIDE Womens Grand Swiss 2021"]
[Site "Riga"]
[Date "2021.10.29"]
[Round "3.14"]
[White "Zawadzka, Jolanta"]
[Black "Socko, Monika"]
[Result "1-0"]
[WhiteElo "2428"]
[BlackElo "2397"]
[Annotator "NA"]
[PlyCount "71"]
[EventDate "2021.10.27"]
[EventType "swiss"]
[EventCountry "LAT"]
[Tiebreak "Cut1 Buchholz+Sonneborn-Berger (Swiss)"]
[SourceTitle "playchess.com"]
[Source "ChessBase"]
[SourceQuality "1"]
[TimeControl "40/6000+30:20/3000+30:900+30"]

1. e4 {[%emt 0:10:02]} e6 {[%emt 0:10:04]} 2. d4 {[%emt 0:00:05]} d5 {[%emt 0:
00:04]} 3. Nc3 {[%emt 0:00:07]} Bb4 {[%emt 0:00:04]} 4. exd5 {[%emt 0:00:12]}
exd5 {[%emt 0:01:28]} 5. Bd3 {[%emt 0:00:08]} Nc6 {[%emt 0:02:26]} 6. Nf3 {
[%emt 0:00:21]} Bg4 {[%emt 0:02:41]} 7. O-O {[%emt 0:00:47]} Nge7 {[%emt 0:01:
24]} 8. h3 {[%emt 0:00:36]} Bh5 {[%emt 0:03:12]} 9. a3 {[%emt 0:00:15]} Bxc3 {
[%emt 0:04:18]} 10. bxc3 {[%emt 0:00:06]} Qd7 {[%emt 0:01:18]} 11. a4 {[%emt 0:
00:29]} h6 {[%emt 0:08:39]} 12. Re1 {[%emt 0:06:35]} O-O-O {[%emt 0:16:03]} 13.
Bb5 {[%emt 0:13:46]} f6 {[%emt 0:10:46]} 14. Ba3 {[%emt 0:03:41]} Bxf3 {
[%emt 0:12:29]} (14... Rde8 $16) 15. Qxf3 $18 {[%emt 0:01:09]} Rhe8 {[%emt 0:
00:26]} 16. Rxe7 {[%emt 0:10:52]} Rxe7 {[%emt 0:00:05]} 17. Bxc6 {[%emt 0:00:
05]} bxc6 {[%emt 0:00:13]} 18. Qd3 {[%emt 0:02:41]} Rde8 {[%emt 0:00:59]} 19.
Qa6+ {[%emt 0:00:24]} Kd8 {[%emt 0:00:00]} 20. Bxe7+ {[%emt 0:00:40]} Rxe7 {
[%emt 0:01:51]} 21. Qxa7 {[%emt 0:01:43]} Qf5 {[%emt 0:02:59]} 22. a5 {[%emt 0:
06:43]} Qxc2 {[%emt 0:01:49]} 23. Qb8+ {[%emt 0:13:10]} Kd7 {[%emt 0:00:03]}
24. a6 {[%emt 0:00:41]} Qxc3 {[%emt 0:16:09]} 25. Qb1 {[%emt 0:00:14]} Re8 {
[%emt 0:00:21]} 26. a7 {[%emt 0:01:34]} Ra8 {[%emt 0:00:05]} 27. Ra4 {[%emt 0:
05:55]} Qd2 {[%emt 0:01:48]} 28. g3 {[%emt 0:01:16]} Qe2 {[%emt 0:03:14]} 29.
Ra3 {[%emt 0:03:02]} Kc8 {[%emt 0:04:41]} 30. Re3 {[%emt 0:04:13]} Qh5 {
[%emt 0:00:04]} 31. Qb4 {[%emt 0:03:50]} Qf7 {[%emt 0:05:03]} 32. Rb3 {[%emt 0:
01:03]} Kd7 {[%emt 0:00:33]} 33. Qb8 {[%emt 0:00:49]} Qh5 {[%emt 0:00:03]} 34.
Qxa8 {[%emt 0:02:18]} Qd1+ {[%emt 0:00:06]} 35. Kg2 {[%emt 0:00:05]} Qxb3 {
[%emt 0:00:11]} 36. Qf8 {[%emt 0:00:24]} 1-0

[Event "FIDE Womens Grand Swiss 2021"]
[Site "Riga"]
[Date "2021.10.29"]
[Round "3.15"]
[White "Bivol, Alina"]
[Black "Osmak, Iulija"]
[Result "1/2-1/2"]
[WhiteElo "2392"]
[BlackElo "2423"]
[Annotator "NA"]
[PlyCount "121"]
[EventDate "2021.10.27"]
[EventType "swiss"]
[EventCountry "LAT"]
[Tiebreak "Cut1 Buchholz+Sonneborn-Berger (Swiss)"]
[SourceTitle "playchess.com"]
[Source "ChessBase"]
[SourceQuality "1"]
[TimeControl "40/6000+30:20/3000+30:900+30"]

1. e4 {[%emt 0:10:04]} e6 {[%emt 0:13:08]} 2. d4 {[%emt 0:00:17]} d5 {[%emt 0:
00:18]} 3. Nd2 {[%emt 0:00:08]} c5 {[%emt 0:00:08]} 4. Ngf3 {[%emt 0:00:07]}
cxd4 {[%emt 0:00:09]} 5. Nxd4 {[%emt 0:00:05]} Nc6 {[%emt 0:00:04]} 6. Bb5 {
[%emt 0:00:07]} Bd7 {[%emt 0:00:04]} 7. Nxc6 {[%emt 0:00:09]} bxc6 {[%emt 0:00:
04]} 8. Bd3 {[%emt 0:00:12]} Bd6 {[%emt 0:00:18]} 9. Qe2 {[%emt 0:00:57]} Qc7 {
[%emt 0:00:17]} 10. c4 {[%emt 0:05:18]} Nf6 {[%emt 0:07:31]} 11. h3 {[%emt 0:
11:10]} O-O {[%emt 0:03:23]} 12. O-O {[%emt 0:00:25]} Rab8 {[%emt 0:08:22]} 13.
exd5 {[%emt 0:14:34]} cxd5 {[%emt 0:00:45]} 14. cxd5 {[%emt 0:05:06]} Nxd5 {
[%emt 0:12:05]} 15. Nc4 {[%emt 0:06:10]} Bh2+ {[%emt 0:00:52]} 16. Kh1 {
[%emt 0:00:01]} Nf4 {[%emt 0:02:41]} 17. Bxf4 {[%emt 0:01:04]} Bxf4 $15 {
[%emt 0:00:06]} 18. b3 {[%emt 0:00:10]} e5 {[%emt 0:07:03]} 19. Ne3 {[%emt 0:
09:40]} Qb7 {[%emt 0:02:59]} 20. Rad1 {[%emt 0:14:02]} Bxh3 {[%emt 0:18:36]}
21. Qh5 {[%emt 0:03:33]} e4 {[%emt 0:00:55]} 22. Qxh3 {[%emt 0:05:59]} exd3 {
[%emt 0:00:41]} 23. Rxd3 {[%emt 0:03:16]} Rbd8 {[%emt 0:11:37]} 24. Nf5 {
[%emt 0:04:40]} Qe4 {[%emt 0:04:41]} 25. Qg4 {[%emt 0:06:38]} g6 {[%emt 0:01:
15]} 26. Rf3 {[%emt 0:00:39]} Qe2 {[%emt 0:05:08]} 27. Rg1 {[%emt 0:01:28]} Bd2
{[%emt 0:00:26]} 28. Qh4 {[%emt 0:02:01]} f6 {[%emt 0:03:49]} 29. Rh3 {[%emt 0:
02:28]} Rd7 {[%emt 0:01:51]} 30. Nd4 {[%emt 0:01:13]} Qe5 {[%emt 0:01:06]} 31.
Nf3 {[%emt 0:00:13]} Qf4 {[%emt 0:00:11]} 32. Rd1 {[%emt 0:01:07]} Rfd8 {
[%emt 0:02:40]} 33. Rxd2 {[%emt 0:00:28]} Qxh4 {[%emt 0:00:03]} 34. Rxh4 {
[%emt 0:00:05]} Rxd2 {[%emt 0:00:03]} 35. Nxd2 {[%emt 0:00:06]} Rxd2 {[%emt 0:
00:09]} 36. Ra4 {[%emt 0:00:26]} Rd7 {[%emt 0:00:52]} 37. Ra6 {[%emt 0:00:15]}
Kg7 {[%emt 0:00:33]} 38. b4 {[%emt 0:00:41]} f5 {[%emt 0:03:39]} 39. Kh2 {
[%emt 0:01:11]} f4 {[%emt 0:00:55]} 40. a4 {[%emt 0:01:18]} h5 {[%emt 0:00:22]}
41. g3 {[%emt 0:50:48]} fxg3+ {[%emt 0:28:25]} 42. fxg3 {[%emt 0:00:00]} Kh6 {
[%emt 0:04:11]} 43. Ra5 {[%emt 0:00:00]} Rb7 {[%emt 0:04:00]} 44. b5 {[%emt 0:
00:00]} Re7 {[%emt 0:00:19]} 45. Kg2 {[%emt 0:00:00]} Rf7 {[%emt 0:00:14]} 46.
Ra6 {[%emt 0:00:00]} Kg5 {[%emt 0:00:16]} 47. Rc6 {[%emt 0:00:00]} Rd7 {
[%emt 0:05:35]} 48. Rc5+ {[%emt 0:00:00]} Kg4 {[%emt 0:00:29]} 49. Rc4+ {
[%emt 0:00:00]} Kf5 {[%emt 0:00:11]} 50. Rc6 {[%emt 0:00:00]} g5 {[%emt 0:01:
16]} 51. Kf3 {[%emt 0:00:00]} Rd3+ {[%emt 0:01:05]} 52. Kf2 {[%emt 0:00:00]}
Kg4 {[%emt 0:03:33]} 53. Rc7 {[%emt 0:01:49]} Rf3+ {[%emt 0:00:11]} 54. Ke2 {
[%emt 0:00:15]} Rb3 {[%emt 0:01:55]} 55. Rxa7 {[%emt 0:01:10]} Kxg3 {[%emt 0:
00:07]} 56. Kd2 {[%emt 0:03:03]} h4 {[%emt 0:00:26]} 57. Kc2 {[%emt 0:00:01]}
Rb4 {[%emt 0:00:44]} 58. Kc3 {[%emt 0:00:01]} Rb1 {[%emt 0:00:04]} 59. Kc2 {
[%emt 0:00:33]} Rb4 {[%emt 0:02:53]} 60. Kc3 {[%emt 0:00:01]} Rb1 {[%emt 0:04:
03]} 61. Kc2 {[%emt 0:15:54]} 1/2-1/2

[Event "FIDE Womens Grand Swiss 2021"]
[Site "Riga"]
[Date "2021.10.29"]
[Round "3.16"]
[White "Atalik, Ekaterina"]
[Black "Arakhamia-Grant, Ketevan"]
[Result "0-1"]
[WhiteElo "2420"]
[BlackElo "2376"]
[Annotator "NA"]
[PlyCount "72"]
[EventDate "2021.10.27"]
[EventType "swiss"]
[EventCountry "LAT"]
[Tiebreak "Cut1 Buchholz+Sonneborn-Berger (Swiss)"]
[SourceTitle "playchess.com"]
[Source "ChessBase"]
[SourceQuality "1"]
[TimeControl "40/6000+30:20/3000+30:900+30"]

1. d4 {[%emt 0:10:04]} Nf6 {[%emt 0:10:07]} 2. Bf4 {[%emt 0:00:15]} c5 {
[%emt 0:05:11]} 3. d5 {[%emt 0:04:29]} b5 {[%emt 0:02:42]} 4. c4 {[%emt 0:03:
13]} g6 {[%emt 0:09:39]} 5. cxb5 {[%emt 0:03:39]} a6 {[%emt 0:13:13]} 6. bxa6 {
[%emt 0:01:07]} d6 {[%emt 0:03:03]} 7. Nc3 {[%emt 0:04:41]} Qb6 {[%emt 0:14:42]
} 8. Bc1 {[%emt 0:19:16]} Bxa6 {[%emt 0:06:56]} 9. g3 {[%emt 0:01:52]} Bg7 {
[%emt 0:00:59]} 10. Bg2 {[%emt 0:00:30]} O-O {[%emt 0:03:41]} 11. Nh3 {[%emt 0:
01:36]} Nbd7 {[%emt 0:01:50]} 12. O-O {[%emt 0:02:22]} Bc4 {[%emt 0:07:39]} 13.
Qc2 {[%emt 0:14:40]} Rfb8 {[%emt 0:00:10]} 14. Nf4 {[%emt 0:05:25]} Ne5 {
[%emt 0:08:08]} 15. h4 {[%emt 0:04:18]} h6 {[%emt 0:01:25]} 16. Nd3 {[%emt 0:
04:48]} Nxd3 {[%emt 0:06:03]} 17. exd3 {[%emt 0:00:08]} Ba6 {[%emt 0:00:05]}
18. b3 {[%emt 0:03:01]} Ng4 {[%emt 0:03:10]} 19. Bb2 {[%emt 0:01:16]} Bd4 {
[%emt 0:04:37]} 20. Rad1 {[%emt 0:09:05]} Ne5 {[%emt 0:02:58]} 21. Bc1 {
[%emt 0:02:19]} Bc8 {[%emt 0:03:12]} 22. Bxh6 {[%emt 0:02:08]} Bg4 {[%emt 0:00:
53]} 23. Ne2 {[%emt 0:02:54]} Nf3+ {[%emt 0:00:33]} 24. Kh1 {[%emt 0:02:01]}
Bf6 {[%emt 0:00:13]} 25. Be3 {[%emt 0:02:27]} Qb4 {[%emt 0:00:08]} 26. Rb1 {
[%emt 0:02:07]} Kg7 {[%emt 0:00:06]} 27. Ng1 {[%emt 0:01:04]} Nd4 {[%emt 0:01:
37]} 28. Bxd4 {[%emt 0:00:27]} Bxd4 {[%emt 0:00:20]} 29. Bf3 {[%emt 0:02:30]}
Bf6 {[%emt 0:00:31]} 30. Bxg4 {[%emt 0:00:42]} Qxg4 {[%emt 0:00:05]} 31. a4 {
[%emt 0:00:54]} Rb4 {[%emt 0:00:20]} 32. Rfe1 {[%emt 0:00:33]} Bxh4 {[%emt 0:
01:17]} 33. Re4 {[%emt 0:00:27]} Rxe4 {[%emt 0:00:31]} 34. dxe4 {[%emt 0:00:11]
} Bxg3 {[%emt 0:00:16]} 35. fxg3 {[%emt 0:00:55]} Qxg3 {[%emt 0:00:22]} 36.
Qb2+ {[%emt 0:00:27]} f6 {[%emt 0:00:10]} 0-1

[Event "FIDE Womens Grand Swiss 2021"]
[Site "Riga"]
[Date "2021.10.29"]
[Round "3.17"]
[White "Padmini, Rout"]
[Black "Vaishali R"]
[Result "1-0"]
[WhiteElo "2380"]
[BlackElo "2419"]
[Annotator "NA"]
[PlyCount "71"]
[EventDate "2021.10.27"]
[EventType "swiss"]
[EventCountry "LAT"]
[Tiebreak "Cut1 Buchholz+Sonneborn-Berger (Swiss)"]
[SourceTitle "playchess.com"]
[Source "ChessBase"]
[SourceQuality "1"]
[TimeControl "40/6000+30:20/3000+30:900+30"]

1. Nf3 {[%emt 0:10:10]} d5 {[%emt 0:10:34]} 2. g3 {[%emt 0:00:22]} Nc6 {
[%emt 0:00:13]} 3. d4 {[%emt 0:00:30]} Bf5 {[%emt 0:00:13]} 4. Bg2 {[%emt 0:00:
44]} Nb4 {[%emt 0:00:29]} 5. Na3 {[%emt 0:00:25]} e6 {[%emt 0:00:06]} 6. O-O {
[%emt 0:03:06]} h6 {[%emt 0:02:26]} 7. c3 {[%emt 0:05:06]} Nc6 {[%emt 0:00:21]}
8. Nb1 {[%emt 0:10:28]} Nf6 {[%emt 0:04:53]} 9. c4 {[%emt 0:02:22]} Be7 {
[%emt 0:17:06]} 10. Nc3 {[%emt 0:01:45]} O-O {[%emt 0:00:39]} 11. Ne5 {[%emt 0:
02:32]} Nxe5 {[%emt 0:12:24]} 12. dxe5 {[%emt 0:00:16]} Nd7 {[%emt 0:00:46]}
13. cxd5 {[%emt 0:02:50]} Nxe5 {[%emt 0:00:07]} 14. dxe6 {[%emt 0:05:59]} Bxe6
{[%emt 0:00:13]} 15. Bxb7 {[%emt 0:00:38]} Rb8 {[%emt 0:00:30]} 16. Bg2 {
[%emt 0:01:41]} Nc4 {[%emt 0:03:27]} 17. Qc2 {[%emt 0:01:13]} Bf6 {[%emt 0:00:
44]} 18. Rb1 {[%emt 0:07:17]} Qd4 {[%emt 0:15:16]} 19. Ne4 {[%emt 0:04:08]} Be7
{[%emt 0:01:20]} 20. b3 {[%emt 0:05:20]} Qb6 {[%emt 0:06:53]} 21. Nc3 {[%emt 0:
03:44]} Na3 {[%emt 0:01:33]} 22. Bxa3 {[%emt 0:00:07]} Bxa3 {[%emt 0:00:03]}
23. Nd5 {[%emt 0:01:45]} Bxd5 {[%emt 0:01:52]} 24. Bxd5 {[%emt 0:00:02]} Rbd8 {
[%emt 0:02:09]} 25. Rbd1 {[%emt 0:01:05]} Rd6 {[%emt 0:01:13]} 26. Bc4 {
[%emt 0:00:19]} Rf6 {[%emt 0:07:35]} 27. Qe4 {[%emt 0:03:29]} Bd6 {[%emt 0:02:
59]} 28. a4 {[%emt 0:01:06]} Qb8 {[%emt 0:02:26]} 29. Rd5 {[%emt 0:02:19]} Re8
{[%emt 0:01:02]} 30. Qd3 {[%emt 0:00:05]} Qc8 {[%emt 0:07:33]} 31. Kg2 {
[%emt 0:01:58]} Qb8 {[%emt 0:04:11]} 32. Rd1 {[%emt 0:02:19]} Qb6 {[%emt 0:02:
33]} 33. Rf5 {[%emt 0:03:44]} Be7 {[%emt 0:01:26]} 34. Qe4 {[%emt 0:04:48]} g6
{[%emt 0:00:49]} 35. Rxf6 {[%emt 0:00:46]} Qxf6 {[%emt 0:00:03]} 36. Rd3 {
[%emt 0:03:25]} 1-0

[Event "FIDE Womens Grand Swiss 2021"]
[Site "Riga"]
[Date "2021.10.29"]
[Round "3.18"]
[White "Maltsevskaya, Aleksandra"]
[Black "Lujan, Carolina"]
[Result "0-1"]
[WhiteElo "2411"]
[BlackElo "2340"]
[Annotator "NA"]
[PlyCount "74"]
[EventDate "2021.10.27"]
[EventType "swiss"]
[EventCountry "LAT"]
[Tiebreak "Cut1 Buchholz+Sonneborn-Berger (Swiss)"]
[SourceTitle "playchess.com"]
[Source "ChessBase"]
[SourceQuality "1"]
[TimeControl "40/6000+30:20/3000+30:900+30"]

1. e4 {[%emt 0:10:03]} c5 {[%emt 0:10:13]} 2. Nf3 {[%emt 0:00:09]} Nc6 {
[%emt 0:00:15]} 3. Bb5 {[%emt 0:00:42]} e6 {[%emt 0:01:43]} 4. O-O {[%emt 0:00:
58]} Nge7 {[%emt 0:00:04]} 5. Re1 {[%emt 0:01:53]} a6 {[%emt 0:11:18]} 6. Bf1 {
[%emt 0:00:45]} d5 {[%emt 0:02:43]} 7. exd5 {[%emt 0:01:52]} Nxd5 {[%emt 0:01:
29]} 8. d4 {[%emt 0:08:59]} Nf6 {[%emt 0:06:13]} 9. Be3 {[%emt 0:05:10]} Qc7 {
[%emt 0:13:37]} 10. Nc3 {[%emt 0:08:20]} cxd4 {[%emt 0:06:34]} 11. Nxd4 {
[%emt 0:00:21]} Be7 {[%emt 0:01:21]} 12. Qf3 {[%emt 0:03:31]} O-O {[%emt 0:06:
52]} 13. Rad1 {[%emt 0:05:23]} Bd7 {[%emt 0:05:19]} 14. Nxc6 {[%emt 0:18:12]}
Bxc6 {[%emt 0:06:32]} 15. Qh3 {[%emt 0:00:06]} b5 {[%emt 0:01:06]} 16. Bd3 {
[%emt 0:05:08]} b4 {[%emt 0:04:32]} 17. Bg5 {[%emt 0:17:11]} h6 {[%emt 0:08:37]
} 18. Bxh6 {[%emt 0:00:08]} bxc3 {[%emt 0:00:27]} 19. Re3 {[%emt 0:00:07]} Rfd8
{[%emt 0:04:53]} 20. Rg3 {[%emt 0:14:38]} g6 {[%emt 0:04:30]} 21. Re1 {[%emt 0:
05:46]} Be4 {[%emt 0:05:12]} 22. bxc3 {[%emt 0:01:27]} Rxd3 {[%emt 0:04:34]}
23. cxd3 {[%emt 0:00:33]} Bf5 {[%emt 0:00:05]} 24. Qh4 {[%emt 0:00:13]} Ne4 {
[%emt 0:00:36]} 25. Bg5 {[%emt 0:00:52]} Nxg5 {[%emt 0:01:20]} 26. Qd4 {
[%emt 0:00:30]} Rd8 {[%emt 0:00:45]} 27. Qa4 {[%emt 0:00:24]} Qxc3 {[%emt 0:01:
15]} 28. Rd1 {[%emt 0:00:05]} Qd4 {[%emt 0:01:23]} 29. Qc2 {[%emt 0:01:02]} Ne4
{[%emt 0:00:38]} 30. Re3 {[%emt 0:00:13]} Nc3 {[%emt 0:00:30]} 31. Rde1 {
[%emt 0:00:47]} Bf6 {[%emt 0:00:21]} 32. h3 {[%emt 0:00:29]} Nd5 {[%emt 0:00:
32]} 33. Rf3 {[%emt 0:00:25]} Nb4 {[%emt 0:00:31]} 34. Qc7 {[%emt 0:00:25]}
Nxd3 {[%emt 0:00:43]} 35. Rd1 {[%emt 0:00:10]} Qc5 {[%emt 0:00:41]} 36. Qb7 {
[%emt 0:00:56]} Kg7 {[%emt 0:00:27]} 37. g4 {[%emt 0:00:25]} Ne5 {[%emt 0:00:
18]} 0-1

[Event "FIDE Womens Grand Swiss 2021"]
[Site "Riga"]
[Date "2021.10.29"]
[Round "3.19"]
[White "Melia, Salome"]
[Black "Girya, Olga"]
[Result "1/2-1/2"]
[WhiteElo "2371"]
[BlackElo "2410"]
[Annotator "TA"]
[PlyCount "45"]
[EventDate "2021.10.27"]
[EventType "swiss"]
[EventCountry "LAT"]
[Tiebreak "Cut1 Buchholz+Sonneborn-Berger (Swiss)"]
[SourceTitle "playchess.com"]
[Source "ChessBase"]
[SourceQuality "1"]

{[%evp 17,45,9,10,8,15,0,5,0,0,0,0,0,0,0,0,0,0,0,0,0,0,0,0,0,0,0,0,0,0,0]} 1.
e4 e5 2. Nf3 Nc6 3. Bc4 Bc5 4. c3 Nf6 5. d4 exd4 6. e5 d5 7. Bb5 Ne4 8. cxd4
Bb6 9. Nc3 O-O {The position is equal.} 10. Be3 {C54: Giuoco Piano: 4 c3 Nf6,
main lines with 5 d4 and 5 d3.} Bg4 11. h3 Bh5 12. O-O Nxd4 13. Bxd4 {[#]
Hoping for Be2.} Bxf3 14. gxf3 Qg5+ 15. Kh1 Qf5 16. fxe4 Qxh3+ 17. Kg1 Bxd4 18.
Qxd4 Qg4+ 19. Kh2 {[#]} Qh4+ $146 ({Predecessor:} 19... Qf4+) 20. Kg2 Qg4+ 21.
Kh2 Qh4+ 22. Kg2 Qg4+ 23. Kh2 {Not much happened in this game.  Weighted Error
Value: White=0.00/Black=0.01} 1/2-1/2